MARC

LEADER 00000nam0a2200000 4500
001 192593
005 20231031181424.0
010 |a 5247013581 
035 |a (RuTPU)RU\TPU\book\210012 
090 |a 192593 
100 |a 20110304d1990 km y0rusy50 ca 
101 0 |a rus 
102 |a RU 
105 |a a z 001zy 
200 1 |a Производственная санитария при колонковом бурении геологоразведочных скважин  |f В. Н. Денисов [и др.] 
210 |a Ленинград  |c Недра  |d 1990 
215 |a 223 с.  |c ил. 
320 |a Библиогр.: с. 212-216. 
610 1 |a производственная санитария 
610 1 |a геологоразведочные скважины 
610 1 |a колонковое бурение 
610 1 |a буровые установки 
610 1 |a тепловой режим 
610 1 |a шум 
610 1 |a вибрация 
610 1 |a освещение 
610 1 |a расчет 
675 |a 550.822.7:622.24.3  |v 3 
701 1 |a Денисов  |b В. Н.  |g Валерий Николаевич 
701 1 |a Немченко  |b А. А.  |g Анатолий Андреевич 
701 1 |a Самутин  |b В. Г.  |g Владимир Геннадьевич 
701 1 |a Чиркин  |b Р. Т.  |g Роберт Трофимович 
801 1 |a RU  |b 63413507  |c 20110304 
801 2 |a RU  |b 63413507  |c 20130920  |g RCR 
942 |c BK